000 01164nam a2200409 a 4500
003 AR-BaBNM
005 20251128210209.0
008 082120s2002 ||||||||||||||000 | spa||
020 _a84-7884-156-3
040 _cAR-BaBNM
245 0 0 _aCoeducación y tiempo libre
260 _aMadrid
_bPopular
_c1995
300 _a189 p.
_bil., tablas
490 0 _aTiempo libre
_vv. 8
504 _aContiene bibliografía p. 183-185
650 4 _aCOEDUCACION
650 4 _aTIEMPO LIBRE
650 4 _aDIFERENCIAS ENTRE SEXOS
650 4 _aCURRICULO
650 4 _aSEXUALIDAD
650 4 _aIDENTIDAD
650 4 _aADOLESCENCIA
653 _aDISCRIMINACION EDUCATIVA
653 _aCURRICULO OCULTO
653 _aEDUCACION EN VALORES
653 _aESTRATEGIAS EDUCATIVAS
700 1 _aCremades, María Angeles
700 1 _aRogero, Cristina Alvarez
700 1 _aUrruzola, Zabalza
700 1 _aJaramillo Guijarro, Concha
700 1 _aHernández Morales, Graciela
700 0 _aAcuña, Franco
_ecoordinador
800 1 _aMartínez, Luz
_ecoordinador
810 2 _aEscuela de Animación y Educación Juvenil
942 _cBK
998 _cRaquel
999 _c14469
_d14469